000 00809nam a2200265 i 4500
001 C2-0331044
003 PPAK
005 20180728131525.0
008 150528s2015 my a|||| ||||| | may d
020 _a9789675328756
040 _aPPAK
_beng
_cPPAK
_erda
082 0 4 _a370.114
_223
090 0 0 _a370.114
_bMEL
_dK
100 0 _aMelissa Muhammad,
_eauthor
245 1 0 _aWarisan budaya Malaysia
264 1 _aSeri Kembangan, Selangor :
_bPustaka Gedung Ilmu ,
_c2015
300 _aiv, 92 pages :
_bcolour photographs ;
_c26 cm
336 _2rdacontent
_atext
337 _2rdamedia
_aunmediated
338 _2rdacarrier
_avolume
490 1 _aSiri warganegara cemerlang
650 1 0 _aMoral education. ; Malaysia - Social life and customs.
830 0 _aSiri warganegara cemerlang
942 _ddc
_cB
999 _c129812
_d129812